[Event "Tradewise Gibraltar 2016 - Chalengers A"]
[Site "Gibraltar ENG"]
[Date "2016.01.26"]
[Round "2.13"]
[White "Omoifo, Osemekhian I"]
[Black "Goncalves, Jose Antonio Silvei"]
[Result "1-0"]
[WhiteElo "2106"]
[BlackElo "1984"]
[PlyCount "91"]
[EventDate "2016.01.25"]
[EventType "swiss"]
[EventRounds "5"]
[EventCountry "ENG"]
[Source "lmi"]
[SourceDate "2016.01.25"]

1. Nf3 d5 2. d4 e6 3. e3 c5 4. c4 Nf6 5. Nc3 Nc6 6. a3 a6 7. dxc5 Bxc5 8. b4
Be7 9. Bb2 O-O 10. cxd5 exd5 11. Be2 Be6 12. Nd4 Nxd4 13. Qxd4 Qd7 14. O-O Rfd8
15. Rfd1 Ne8 16. Bf3 Bf6 17. Qd2 Nd6 18. Rac1 Nc4 19. Qe2 Nxb2 20. Qxb2 Rac8
21. Qd2 Rxc3 22. Rxc3 Bxc3 23. Qxc3 Qc6 24. Qxc6 bxc6 25. Rc1 Bd7 26. Rc5 Kf8
27. Kf1 Ke7 28. Ke2 Rb8 29. Kd2 Rb5 30. Be2 Rxc5 31. bxc5 Bc8 32. Kc3 Kf6 33.
Kb4 Ke5 34. Bd3 g5 35. g3 g4 36. Ka5 d4 37. Kb6 dxe3 38. fxe3 Kd5 39. Bxh7 Be6
40. e4+ Kd4 41. Kxc6 Ke3 42. Kb7 Kf2 43. Bf5 Kg2 44. Bxe6 fxe6 45. c6 Kxh2 46.
c7 1-0

[Event "Tradewise Gibraltar 2016 - Chalengers A"]
[Site "Gibraltar ENG"]
[Date "2016.01.26"]
[Round "2.15"]
[White "Odeh, Kenneth"]
[Black "Verneuil, Pascal"]
[Result "1/2-1/2"]
[WhiteElo "2014"]
[BlackElo "2205"]
[PlyCount "85"]
[EventDate "2016.01.25"]
[EventType "swiss"]
[EventRounds "5"]
[EventCountry "ENG"]
[Source "lmi"]
[SourceDate "2016.01.25"]

1. e4 c5 2. Nc3 Nc6 3. g3 g6 4. Bg2 Bg7 5. d3 d6 6. Be3 Rb8 7. Qd2 b5 8. Nge2
Nd4 9. h3 b4 10. Nd1 Qc7 11. Nc1 h5 12. c3 bxc3 13. bxc3 Nc6 14. O-O e5 15. Ne2
Nge7 16. f4 O-O 17. Rc1 f5 18. fxe5 Nxe5 19. Nf4 Kh7 20. Kh1 c4 21. d4 Nd3 22.
Nxd3 cxd3 23. Qxd3 fxe4 24. Qe2 Be6 25. Rxf8 Rxf8 26. Bxe4 Nf5 27. Bf4 Qf7 28.
Ne3 Kh8 29. Nxf5 Bxf5 30. Bxf5 Qxf5 31. Kh2 Rf6 32. Qc2 Qd5 33. Qg2 Qf7 34. Rc2
Kh7 35. Rb2 Qc4 36. Qf3 a5 37. h4 a4 38. Re2 a3 39. Qe3 Qc8 40. Qd2 Re6 41. Re3
Qc4 42. Rxe6 Qxe6 43. Kg2 1/2-1/2

[Event "Tradewise Gibraltar 2016 - Chalengers A"]
[Site "Gibraltar ENG"]
[Date "2016.01.26"]
[Round "2.16"]
[White "Bendayan Claros, Aaron"]
[Black "Lawson, Dominic Ralph"]
[Result "1/2-1/2"]
[WhiteElo "2204"]
[BlackElo "1988"]
[PlyCount "60"]
[EventDate "2016.01.25"]
[EventType "swiss"]
[EventRounds "5"]
[EventCountry "ENG"]
[Source "lmi"]
[SourceDate "2016.01.25"]

1. d4 Nf6 2. c4 d6 3. Nc3 e5 4. g3 exd4 5. Qxd4 Nc6 6. Qd2 g6 7. b3 Bg7 8. Bb2
O-O 9. Nh3 a5 10. Nf4 Ne5 11. Bg2 a4 12. Rd1 Nfd7 13. O-O Nc5 14. Qc2 Bf5 15.
e4 Bg4 16. f3 Bd7 17. Nfd5 c6 18. Ne3 axb3 19. axb3 Qb6 20. Rxd6 Nxb3 21. Ncd1
Be6 22. Kh1 Qb4 23. Bxe5 Bxe5 24. Rd3 Nc5 25. Rd2 Rfd8 26. Rff2 Nb3 27. Rxd8+
Rxd8 28. Bf1 Bd4 29. Kg2 Ra8 30. f4 Nc5 1/2-1/2

[Event "Tradewise Gibraltar 2016 - Chalengers A"]
[Site "Gibraltar ENG"]
[Date "2016.01.26"]
[Round "2.17"]
[White "Mircov, Nicola-Alexandru"]
[Black "Pinho, Paulo"]
[Result "0-1"]
[WhiteElo "1944"]
[BlackElo "2197"]
[PlyCount "108"]
[EventDate "2016.01.25"]
[EventType "swiss"]
[EventRounds "5"]
[EventCountry "ENG"]
[Source "lmi"]
[SourceDate "2016.01.25"]

1. e4 c5 2. Nf3 e6 3. d4 cxd4 4. Nxd4 a6 5. c4 Nf6 6. Nc3 Bb4 7. Bd3 Nc6 8.
Nxc6 dxc6 9. O-O e5 10. h3 Be6 11. Be3 Nd7 12. Qb3 Qa5 13. Nd5 cxd5 14. cxd5
Bxh3 15. gxh3 O-O 16. a3 Bc5 17. Qxb7 Ra7 18. Qc6 Bxe3 19. fxe3 Qd2 20. Qc2
Qxe3+ 21. Qf2 Qxd3 22. Qxa7 Qg3+ 23. Kh1 Qxh3+ 24. Kg1 Qg4+ 25. Kh2 Nf6 26. Qe3
Qh5+ 27. Qh3 Qg6 28. Rae1 Nxe4 29. Rg1 Ng5 30. Qg4 h6 31. Rxe5 Qd6 32. Qg3 Qxe5
33. Qxe5 Nf3+ 34. Kg3 Nxe5 35. Kf4 f6 36. Kf5 Kf7 37. Rc1 g6+ 38. Ke4 Rd8 39.
b4 Ke7 40. Rc7+ Rd7 41. Rc8 Rd6 42. Rh8 Nf7 43. Ra8 f5+ 44. Kd4 Nd8 45. Ra7+
Rd7 46. Rxa6 Kf7 47. b5 h5 48. Ke5 h4 49. b6 h3 50. Ra4 Re7+ 51. Kd6 Nb7+ 52.
Kc6 g5 53. d6 Nxd6 54. Kxd6 h2 0-1

[Event "Tradewise Gibraltar 2016 - Chalengers A"]
[Site "Gibraltar ENG"]
[Date "2016.01.26"]
[Round "2.18"]
[White "Campbell, Charles"]
[Black "Gostelow, David W"]
[Result "1-0"]
[WhiteElo "2157"]
[BlackElo "2023"]
[PlyCount "60"]
[EventDate "2016.01.25"]
[EventType "swiss"]
[EventRounds "5"]
[EventCountry "ENG"]
[Source "lmi"]
[SourceDate "2016.01.25"]

1. d4 d5 2. c4 c6 3. cxd5 cxd5 4. Nc3 Nf6 5. Nf3 Nc6 6. Bf4 a6 7. e3 Bf5 8. Bd3
Bxd3 9. Qxd3 e6 10. O-O Bd6 11. Bxd6 Qxd6 12. Rac1 O-O 13. Na4 Nd7 14. Nc5 Nxc5
15. Rxc5 Rfc8 16. Rfc1 f6 17. Qb3 b5 18. a4 b4 19. a5 Rc7 20. Qc2 Rac8 21. Nd2
f5 22. f4 g5 23. g3 g4 24. Nb3 Kf7 25. Qe2 Nb8 26. h3 h5 27. hxg4 hxg4 28. Qh2
Rxc5 29. Qh5+ Kg7 30. Qg5+ Kf7 1-0

[Event "Tradewise Gibraltar 2016 - Chalengers A"]
[Site "Gibraltar ENG"]
[Date "2016.01.26"]
[Round "2.19"]
[White "Spence, David J"]
[Black "Eagleton, Greg T"]
[Result "1/2-1/2"]
[WhiteElo "2140"]
[BlackElo "1981"]
[PlyCount "49"]
[EventDate "2016.01.25"]
[EventType "swiss"]
[EventRounds "5"]
[EventCountry "ENG"]
[Source "lmi"]
[SourceDate "2016.01.25"]

1. e4 c6 2. d4 d5 3. Nd2 Nd7 4. Ngf3 e6 5. c3 dxe4 6. Nxe4 Ngf6 7. Bd3 Nxe4 8.
Bxe4 h6 9. O-O Nf6 10. Bc2 Bd6 11. Re1 Qc7 12. Ne5 c5 13. Ba4+ Bd7 14. Nxd7
Nxd7 15. Bxd7+ Qxd7 16. dxc5 Bxc5 17. Qh5 Qc6 18. Bf4 O-O 19. Bxh6 gxh6 20. Re5
Bd6 21. Rg5+ hxg5 22. Qxg5+ Kh7 23. Qh5+ Kg7 24. Qg5+ Kh7 25. Qh5+ 1/2-1/2

[Event "Tradewise Gibraltar 2016 - Chalengers A"]
[Site "Gibraltar ENG"]
[Date "2016.01.26"]
[Round "2.20"]
[White "Dolzhikova, Olga"]
[Black "Petersson, Baldur Teodor"]
[Result "1-0"]
[WhiteElo "2126"]
[BlackElo "1980"]
[PlyCount "59"]
[EventDate "2016.01.25"]
[EventType "swiss"]
[EventRounds "5"]
[EventCountry "ENG"]
[Source "lmi"]
[SourceDate "2016.01.25"]

1. e4 c5 2. c3 b6 3. d4 Bb7 4. Bd3 Nf6 5. Qe2 e6 6. Nf3 Be7 7. O-O Nc6 8. a3 d5
9. e5 Nd7 10. Be3 a6 11. Nbd2 b5 12. b4 c4 13. Bc2 a5 14. h3 a4 15. Nh2 Qc7 16.
f4 g6 17. g4 O-O-O 18. Ndf3 Rdg8 19. Kf2 h5 20. Ke1 Bd8 21. f5 hxg4 22. hxg4
gxf5 23. gxf5 Nf8 24. f6 Nb8 25. Kd2 Bc6 26. Rg1 Be8 27. Rg7 Nbd7 28. Ng4 Ng6
29. Nh6 Rf8 30. Bxg6 1-0

[Event "Tradewise Gibraltar 2016 - Chalengers A"]
[Site "Gibraltar ENG"]
[Date "2016.01.26"]
[Round "2.21"]
[White "Jimenez Ruiz, Jose Carlos"]
[Black "Milnes, Anthony C P"]
[Result "0-1"]
[WhiteElo "1925"]
[BlackElo "2038"]
[PlyCount "58"]
[EventDate "2016.01.25"]
[EventType "swiss"]
[EventRounds "5"]
[EventCountry "ENG"]
[Source "lmi"]
[SourceDate "2016.01.25"]

1. c4 f5 2. g3 Nf6 3. Bg2 e5 4. Nc3 Nc6 5. d3 Be7 6. Nf3 O-O 7. O-O d6 8. a3
Qe8 9. b4 Qh5 10. e3 Nd8 11. d4 Nf7 12. Nd5 Nxd5 13. cxd5 e4 14. Nd2 Qh6 15.
Qe2 Bd7 16. f3 exf3 17. Nxf3 Qg6 18. Bb2 Rae8 19. Qc2 Bd8 20. Rae1 Nh6 21. a4
Ng4 22. Bc1 Rf7 23. h3 Nf6 24. Nh4 Qxg3 25. Nxf5 Qg6 26. Kh2 Nh5 27. Be4 Rxe4
28. Qxe4 Rxf5 29. Rxf5 Qg3+ 0-1

[Event "Tradewise Gibraltar 2016 - Chalengers A"]
[Site "Gibraltar ENG"]
[Date "2016.01.26"]
[Round "2.22"]
[White "Suez-Panama, Gilles"]
[Black "Tranter, Stephen"]
[Result "1-0"]
[WhiteElo "2032"]
[BlackElo "1952"]
[PlyCount "81"]
[EventDate "2016.01.25"]
[EventType "swiss"]
[EventRounds "5"]
[EventCountry "ENG"]
[Source "lmi"]
[SourceDate "2016.01.25"]

1. d4 e6 2. Nf3 f5 3. c4 Nf6 4. g3 Be7 5. Bg2 O-O 6. O-O d6 7. b3 Ne4 8. Bb2
Bf6 9. Nbd2 c5 10. Qc2 Nxd2 11. Qxd2 Nd7 12. Rad1 Qe7 13. Rfe1 e5 14. dxe5 dxe5
15. e4 fxe4 16. Rxe4 Kh8 17. Rde1 b6 18. Nxe5 Bxe5 19. Bxe5 Bb7 20. Bd6 Qd8 21.
Rh4 Bxg2 22. Bxf8 Qxf8 23. Kxg2 Nf6 24. Rd1 Re8 25. Rf4 Qe7 26. Qe3 Qb7+ 27.
Qf3 Qe7 28. Rd3 Rf8 29. h4 h6 30. Re3 Qd7 31. g4 Rd8 32. Rxf6 gxf6 33. Qxf6+
Kg8 34. Qg6+ Qg7 35. Re8+ Rxe8 36. Qxe8+ Kh7 37. Qe4+ Kh8 38. h5 Qb2 39. Qa8+
Kg7 40. Qxa7+ Kf6 41. Qxb6+ 1-0

[Event "Tradewise Gibraltar 2016 - Chalengers A"]
[Site "Gibraltar ENG"]
[Date "2016.01.26"]
[Round "2.23"]
[White "Saber, Yasser"]
[Black "Mashayekh, Majid"]
[Result "0-1"]
[WhiteElo "2230"]
[BlackElo "1945"]
[PlyCount "86"]
[EventDate "2016.01.25"]
[EventType "swiss"]
[EventRounds "5"]
[EventCountry "ENG"]
[Source "lmi"]
[SourceDate "2016.01.25"]

1. d4 Nf6 2. Nf3 e6 3. c4 d5 4. Nc3 c6 5. e3 Nbd7 6. Qc2 Be7 7. g4 dxc4 8. Bxc4
Nb6 9. Be2 Nfd5 10. Ne4 O-O 11. Bd2 Bd7 12. O-O-O Rc8 13. Kb1 Qc7 14. Rc1 Be8
15. h4 f6 16. h5 Nd7 17. Bd3 h6 18. Ng3 Bd6 19. Ne4 Be7 20. Nc5 Bxc5 21. dxc5
Bf7 22. Qa4 Rfe8 23. Qe4 Kf8 24. Nd4 Ne5 25. Be2 Nd7 26. Qg2 b6 27. cxb6 Qxb6
28. Rc2 c5 29. Rhc1 a5 30. a3 Rb8 31. Nb5 Qc6 32. e4 N5b6 33. Nd4 Qa4 34. Nb5
c4 35. Nd6 Red8 36. Be3 Ne5 37. Bc5 Kg8 38. f4 Nd3 39. Bxb6 Rxd6 40. Rxc4 Qb3
41. Rc8+ Kh7 42. Bxd3 Qxd3+ 43. Qc2 Rxc8 0-1

[Event "Tradewise Gibraltar 2016 - Chalengers A"]
[Site "Gibraltar ENG"]
[Date "2016.01.26"]
[Round "2.24"]
[White "Marcos Herrero, Francisco"]
[Black "Midonet, Matthieu"]
[Result "0-1"]
[WhiteElo "1982"]
[BlackElo "2211"]
[PlyCount "80"]
[EventDate "2016.01.25"]
[EventType "swiss"]
[EventRounds "5"]
[EventCountry "ENG"]
[Source "lmi"]
[SourceDate "2016.01.25"]

1. d4 Nf6 2. c4 c5 3. d5 e6 4. Nc3 exd5 5. cxd5 d6 6. e4 g6 7. f4 Bg7 8. Bb5+
Nfd7 9. Nf3 a6 10. Bd3 b5 11. O-O O-O 12. a3 Re8 13. e5 dxe5 14. f5 c4 15. Be4
Nc5 16. fxg6 hxg6 17. Ng5 f5 18. Qf3 Ra7 19. Qh3 Bf6 20. Qh6 Rg7 21. Bc2 e4 22.
Be3 Nbd7 23. Qh4 Nd3 24. Qg3 Be5 25. Bf4 Nxf4 26. Rxf4 Nf6 27. Qe3 Bxf4 28.
Qxf4 Qb6+ 29. Kh1 Ng4 30. h3 Qe3 31. Qxe3 Nxe3 32. Bd1 Rd8 33. b3 Nxd5 34. Nxd5
Rxd5 35. bxc4 bxc4 36. Rc1 Rc7 37. g4 fxg4 38. Nxe4 Rxd1+ 39. Rxd1 Bb7 40. Rd8+
Kf7 0-1

[Event "Tradewise Gibraltar 2016 - Chalengers A"]
[Site "Gibraltar ENG"]
[Date "2016.01.26"]
[Round "2.25"]
[White "Gaerths, Ronny"]
[Black "Adebajo, Olufemi"]
[Result "1-0"]
[WhiteElo "2192"]
[BlackElo "1963"]
[PlyCount "87"]
[EventDate "2016.01.25"]
[EventType "swiss"]
[EventRounds "5"]
[EventCountry "ENG"]
[Source "lmi"]
[SourceDate "2016.01.25"]

1. d4 f5 2. Nc3 Nf6 3. Bg5 d5 4. Bxf6 exf6 5. e3 g6 6. Nf3 Bg7 7. Bd3 O-O 8.
Ne2 c6 9. c4 Qb6 10. Qc2 Na6 11. a3 Qa5+ 12. Qc3 Qxc3+ 13. Nxc3 Nc7 14. cxd5
Nxd5 15. Nxd5 cxd5 16. g3 Bd7 17. Kd2 Rac8 18. Ng1 Rfd8 19. Ne2 Ba4 20. Rhc1
Bb3 21. Rc3 Ba4 22. Rac1 Rxc3 23. Nxc3 Bc6 24. Bb5 Bf8 25. Bxc6 bxc6 26. Rc2 c5
27. dxc5 d4 28. exd4 Bxc5 29. Ne2 Bxd4 30. Nxd4 Rxd4+ 31. Kc3 Rd7 32. b4 Kf7
33. b5 Rb7 34. Kb4 a6 35. a4 Ke7 36. Ka5 axb5 37. axb5 Ra7+ 38. Kb6 Ra1 39. Kc7
Ra7+ 40. Kb8 Ra5 41. b6 Kd7 42. b7 Re5 43. Ka7 Ra5+ 44. Kb6 1-0

[Event "Tradewise Gibraltar 2016 - Chalengers A"]
[Site "Gibraltar ENG"]
[Date "2016.01.26"]
[Round "2.26"]
[White "Byron, Alan M"]
[Black "Bryant, Richard B E"]
[Result "1/2-1/2"]
[WhiteElo "2175"]
[BlackElo "1961"]
[PlyCount "72"]
[EventDate "2016.01.25"]
[EventType "swiss"]
[EventRounds "5"]
[EventCountry "ENG"]
[Source "lmi"]
[SourceDate "2016.01.25"]

1. e4 e6 2. d4 d5 3. Nc3 Bb4 4. e5 c5 5. a3 Bxc3+ 6. bxc3 Ne7 7. h4 Qa5 8. Bd2
Qa4 9. Qb1 c4 10. h5 h6 11. Ne2 Nbc6 12. g3 Bd7 13. Bh3 O-O-O 14. Nf4 Rdf8 15.
O-O Nd8 16. Qb2 g5 17. Ng2 Ng8 18. f4 f5 19. fxg5 hxg5 20. Bxg5 Rxh5 21. Bh4
Rh7 22. Nf4 Nc6 23. Rab1 b6 24. Bg2 Nge7 25. Bf3 Rg8 26. Kf2 Ng6 27. Rh1 Nxf4
28. gxf4 Rgh8 29. Bf6 Rxh1 30. Rxh1 Rxh1 31. Bxh1 Qa5 32. Ke2 Be8 33. Bf3 Kb7
34. Bg5 Qa4 35. Kd2 Qa5 36. Ke2 Qa4 1/2-1/2

[Event "Tradewise Gibraltar 2016 - Chalengers A"]
[Site "Gibraltar ENG"]
[Date "2016.01.26"]
[Round "2.27"]
[White "George, Lolomari Erekosima"]
[Black "Lung, Liviu-Catalin"]
[Result "0-1"]
[WhiteElo "1937"]
[BlackElo "2141"]
[PlyCount "64"]
[EventDate "2016.01.25"]
[EventType "swiss"]
[EventRounds "5"]
[EventCountry "ENG"]
[Source "lmi"]
[SourceDate "2016.01.25"]

1. Nf3 Nf6 2. c4 g6 3. b4 a5 4. b5 c6 5. a4 d5 6. cxd5 cxd5 7. g3 Bg7 8. Bb2
O-O 9. Bg2 Nbd7 10. Qc2 Nb6 11. d3 Bf5 12. Nd4 Rc8 13. Qd2 Bd7 14. Qxa5 e5 15.
Nb3 Rc2 16. Bxe5 Re8 17. Na3 Rxe2+ 18. Kxe2 Ng4 19. Rhe1 Bxe5 20. Kf1 Qf6 21.
Qd2 Bxa1 22. Rxa1 Nxh2+ 23. Kg1 Nf3+ 24. Bxf3 Qxf3 25. Nd4 Qf6 26. Nac2 Bc8 27.
a5 Nd7 28. Qb4 Ne5 29. Qa3 Ng4 30. f3 Qe5 31. f4 Qh5 32. Nf3 Qh3 0-1

[Event "Tradewise Gibraltar 2016 - Chalengers A"]
[Site "Gibraltar ENG"]
[Date "2016.01.26"]
[Round "2.29"]
[White "Erdelyi, Tamas Dr"]
[Black "Lafortune, Emerick"]
[Result "1-0"]
[WhiteElo "2082"]
[BlackElo "1923"]
[PlyCount "37"]
[EventDate "2016.01.25"]
[EventType "swiss"]
[EventRounds "5"]
[EventCountry "ENG"]
[Source "lmi"]
[SourceDate "2016.01.25"]

1. Nf3 Nf6 2. c4 c5 3. g3 d5 4. cxd5 Nxd5 5. Nc3 Nc6 6. Bg2 Nc7 7. a3 e5 8. b4
Be6 9. Rb1 cxb4 10. axb4 e4 11. Nxe4 Bf5 12. Nh4 Bxe4 13. Bxe4 Nxb4 14. Rxb4
Bxb4 15. Qa4+ Qd7 16. Qxb4 Rb8 17. Ba3 a5 18. Qc3 Ne6 19. Nf5 1-0

[Event "Tradewise Gibraltar 2016 - Chalengers A"]
[Site "Gibraltar ENG"]
[Date "2016.01.26"]
[Round "2.30"]
[White "Slinger, Tony J"]
[Black "Carlsten, Peter"]
[Result "0-1"]
[WhiteElo "1915"]
[BlackElo "2074"]
[PlyCount "75"]
[EventDate "2016.01.25"]
[EventType "swiss"]
[EventRounds "5"]
[EventCountry "ENG"]
[Source "lmi"]
[SourceDate "2016.01.25"]

1. c4 f5 2. g3 Nf6 3. Bg2 g6 4. Nc3 Bg7 5. d3 O-O 6. e4 fxe4 7. dxe4 d6 8. Nge2
c5 9. O-O Nc6 10. h3 Bd7 11. Be3 a6 12. f4 Rb8 13. a4 Ne8 14. Rb1 Nc7 15. e5
dxe5 16. Bxc5 Ne6 17. Be3 exf4 18. Nxf4 Nxf4 19. Bxf4 Qb6+ 20. Kh2 Rbd8 21. Nd5
Qc5 22. Be3 Qd6 23. Qd2 Bf5 24. Rbd1 Qb8 25. Qc1 e5 26. b4 Nd4 27. Ne7+ Kh8 28.
Nxf5 Nxf5 29. Bb6 Rxd1 30. Rxd1 e4 31. Bf2 e3 32. Be1 Be5 33. Rd7 Bxg3+ 34. Kh1
Be5 35. Qd1 Bg7 36. c5 Ng3+ 37. Kg1 e2 38. Bxg3 0-1

[Event "Tradewise Gibraltar 2016 - Chalengers A"]
[Site "Gibraltar ENG"]
[Date "2016.01.26"]
[Round "2.31"]
[White "Kozarcanin, Sead"]
[Black "Boron, Anthony"]
[Result "1/2-1/2"]
[WhiteElo "2073"]
[BlackElo "1915"]
[PlyCount "99"]
[EventDate "2016.01.25"]
[EventType "swiss"]
[EventRounds "5"]
[EventCountry "ENG"]
[Source "lmi"]
[SourceDate "2016.01.25"]

1. e4 e6 2. Qe2 c5 3. Nf3 Nc6 4. c3 Nf6 5. e5 Nd5 6. g3 d6 7. Na3 Nxe5 8. Nxe5
dxe5 9. Qxe5 Qd6 10. Qe4 Nf6 11. Bb5+ Kd8 12. Qe2 a6 13. Bd3 b5 14. O-O Bb7 15.
f3 h5 16. Bc2 h4 17. g4 c4 18. d3 cxd3 19. Bxd3 Qb6+ 20. Be3 Bc5 21. Nc2 Nd5
22. Bxc5 Qxc5+ 23. Qf2 Rc8 24. Be4 Qc7 25. Rad1 Ke7 26. Rfe1 Nf4 27. Qd4 Nh3+
28. Kg2 Nf4+ 29. Kf1 Bxe4 30. Qb4+ Qc5 31. Rxe4 g5 32. Red4 Nd5 33. Qxc5+ Rxc5
34. Kf2 Rhc8 35. Nb4 Nxb4 36. Rxb4 Rc4 37. Rd4 Rxd4 38. Rxd4 a5 39. Ke3 Rc5 40.
a4 f5 41. gxf5 exf5 42. axb5 Rxb5 43. b4 Ke6 44. Kd3 axb4 45. cxb4 Rd5 46. Ke3
Rxd4 47. Kxd4 g4 48. fxg4 fxg4 49. Ke3 Ke5 50. b5 1/2-1/2

[Event "Tradewise Gibraltar 2016 - Chalengers A"]
[Site "Gibraltar ENG"]
[Date "2016.01.26"]
[Round "2.32"]
[White "Wright, Jonathan"]
[Black "Wilen, Eero"]
[Result "0-1"]
[WhiteElo "1902"]
[BlackElo "2065"]
[PlyCount "76"]
[EventDate "2016.01.25"]
[EventType "swiss"]
[EventRounds "5"]
[EventCountry "ENG"]
[Source "lmi"]
[SourceDate "2016.01.25"]

1. e4 e5 2. Nf3 Nc6 3. Bb5 a6 4. Ba4 Nf6 5. O-O Be7 6. Re1 b5 7. Bb3 O-O 8. a4
Bb7 9. axb5 axb5 10. Rxa8 Qxa8 11. d3 d6 12. Nbd2 Na5 13. Ba2 c5 14. Nf1 Nc6
15. Bb3 Nd4 16. Nxd4 exd4 17. Ng3 Re8 18. f3 Bf8 19. Bg5 Nd7 20. Nf5 Nb6 21.
Bf4 Qd8 22. Qd2 d5 23. Qf2 Bc8 24. Ng3 c4 25. Ba2 Bc5 26. b4 Bxb4 27. Rb1 Qe7
28. Kh1 Na4 29. Qxd4 Nc3 30. Rxb4 Qxb4 31. Bh6 f6 32. Bd2 Qa3 33. Bxc3 Qxa2 34.
h4 Be6 35. Nh5 Qb1+ 36. Kh2 Qc1 37. Nxg7 Qf4+ 38. g3 Qxf3 0-1

[Event "Tradewise Gibraltar 2016 - Chalengers A"]
[Site "Gibraltar ENG"]
[Date "2016.01.26"]
[Round "2.33"]
[White "Burke, Mitchell R"]
[Black "Lochte, Szilvia"]
[Result "1-0"]
[WhiteElo "2002"]
[BlackElo "1913"]
[PlyCount "47"]
[EventDate "2016.01.25"]
[EventType "swiss"]
[EventRounds "5"]
[EventCountry "ENG"]
[Source "lmi"]
[SourceDate "2016.01.25"]

1. e4 c5 2. Nc3 Nc6 3. f4 g6 4. Nf3 Bg7 5. Bb5 Nd4 6. O-O a6 7. Bd3 d6 8. Nxd4
cxd4 9. Ne2 Nf6 10. c3 dxc3 11. dxc3 Qb6+ 12. Kh1 O-O 13. Qe1 Nd7 14. Qh4 Bf6
15. Qg3 Nc5 16. Bc2 Bd7 17. f5 Bb5 18. Re1 e5 19. b4 Nd7 20. Bb3 Qd8 21. Qg4
Nb6 22. fxg6 hxg6 23. Qxg6+ Kh8 24. Bxf7 1-0

[Event "Tradewise Gibraltar 2016 - Chalengers A"]
[Site "Gibraltar ENG"]
[Date "2016.01.26"]
[Round "2.34"]
[White "Roman Lopez, Jesus"]
[Black "Downey, Keith"]
[Result "1-0"]
[WhiteElo "1984"]
[BlackElo "1838"]
[PlyCount "43"]
[EventDate "2016.01.25"]
[EventType "swiss"]
[EventRounds "5"]
[EventCountry "ENG"]
[Source "lmi"]
[SourceDate "2016.01.25"]

1. e4 c5 2. c3 d5 3. exd5 Qxd5 4. d4 e6 5. Nf3 Nf6 6. Na3 Be7 7. Bc4 Qd8 8. O-O
a6 9. Nc2 O-O 10. a4 Nc6 11. Re1 b6 12. Qe2 Re8 13. Bg5 cxd4 14. Rad1 Bd7 15.
Ncxd4 Qc8 16. Nxc6 Bxc6 17. Ne5 Bb7 18. Nxf7 Qc6 19. Qf1 Bf8 20. Ne5 Qc8 21.
Bxf6 gxf6 22. Nd7 1-0

[Event "Tradewise Gibraltar 2016 - Chalengers A"]
[Site "Gibraltar ENG"]
[Date "2016.01.26"]
[Round "2.35"]
[White "Cramling Bellon, Anna"]
[Black "Brown, David"]
[Result "1-0"]
[WhiteElo "1830"]
[BlackElo "1982"]
[PlyCount "89"]
[EventDate "2016.01.25"]
[EventType "swiss"]
[EventRounds "5"]
[EventCountry "ENG"]
[Source "lmi"]
[SourceDate "2016.01.25"]

1. d4 d5 2. c4 e6 3. Nc3 Nf6 4. Nf3 Be7 5. Bg5 O-O 6. e3 Ne4 7. Bxe7 Qxe7 8.
Rc1 Nxc3 9. Rxc3 c6 10. Bd3 Nd7 11. O-O dxc4 12. Bxc4 e5 13. dxe5 Nxe5 14. Nxe5
Qxe5 15. f4 Qf6 16. e4 Be6 17. e5 Qg6 18. f5 Bxf5 19. Rg3 Bc2 20. Qf3 Qe4 21.
Bxf7+ Kh8 22. Qc3 Rfd8 23. e6 Qd4+ 24. Qxd4 Rxd4 25. Re3 Rd3 26. Rxd3 Bxd3 27.
e7 Bxf1 28. Kxf1 g5 29. e8=Q+ Rxe8 30. Bxe8 Kg7 31. Ke2 Kf6 32. Ke3 Ke5 33. Bd7
c5 34. Kf3 Kd4 35. Kg4 Kc4 36. Kxg5 Kb4 37. Kh6 a5 38. Kxh7 a4 39. Bxa4 Kxa4
40. g4 c4 41. g5 b5 42. g6 b4 43. g7 c3 44. bxc3 bxc3 45. g8=Q 1-0

[Event "Tradewise Gibraltar 2016 - Chalengers A"]
[Site "Gibraltar ENG"]
[Date "2016.01.27"]
[Round "3.1"]
[White "Har-Even, Abir"]
[Black "Menna Barreto, Felipe Kubiaki"]
[Result "0-1"]
[WhiteElo "2094"]
[BlackElo "2247"]
[PlyCount "48"]
[EventDate "2016.01.25"]
[EventType "swiss"]
[EventRounds "5"]
[EventCountry "ENG"]
[Source "lmi"]
[SourceDate "2016.01.25"]

1. e4 e6 2. d3 c5 3. g3 Nc6 4. Bg2 g6 5. Nc3 Bg7 6. f4 d6 7. Nf3 Nge7 8. O-O
O-O 9. g4 f5 10. h3 Rb8 11. Ne2 e5 12. gxf5 gxf5 13. c3 Kh8 14. Be3 Ng6 15. Qd2
Nh4 16. Nxh4 Qxh4 17. fxe5 f4 18. Bxf4 Bxh3 19. exd6 Rg8 20. Bg3 Be5 21. Bxe5+
Nxe5 22. Nf4 Bxg2 23. Nxg2 Qh3 24. Qf2 Rbf8 0-1

[Event "Tradewise Gibraltar 2016 - Chalengers A"]
[Site "Gibraltar ENG"]
[Date "2016.01.27"]
[Round "3.2"]
[White "Longa Yauca, Javier"]
[Black "Pabalan, Rocky"]
[Result "1-0"]
[WhiteElo "2234"]
[BlackElo "2089"]
[PlyCount "79"]
[EventDate "2016.01.25"]
[EventType "swiss"]
[EventRounds "5"]
[EventCountry "ENG"]
[Source "lmi"]
[SourceDate "2016.01.25"]

1. d4 Nf6 2. Nf3 e6 3. c4 Bb4+ 4. Nbd2 Bxd2+ 5. Bxd2 h6 6. Qc2 b6 7. e4 Bb7 8.
e5 Ne4 9. Be3 Na6 10. d5 Ng5 11. Nxg5 hxg5 12. Qd2 Qe7 13. Bxg5 f6 14. d6 cxd6
15. exd6 Qf7 16. Be3 Rc8 17. Rc1 Qg6 18. b4 Rh4 19. a3 Qe4 20. f3 Qe5 21. Kf2
Kf7 22. Be2 g5 23. h3 Rch8 24. c5 Nb8 25. cxb6 axb6 26. b5 Bd5 27. Bxb6 Qxd6
28. Bc5 Qe5 29. Qe3 Qc7 30. Bb4 Qb7 31. Bd6 g4 32. Rc7 gxf3 33. gxf3 Bxf3 34.
Rxb7 Bxb7 35. Rg1 Rxh3 36. Qb6 Bd5 37. Bxb8 e5 38. Qd6 Rh2+ 39. Ke1 Be6 40. Bc4
1-0

[Event "Tradewise Gibraltar 2016 - Chalengers A"]
[Site "Gibraltar ENG"]
[Date "2016.01.27"]
[Round "3.3"]
[White "Paronen, Petteri"]
[Black "Mohorea, Vasile"]
[Result "1-0"]
[WhiteElo "2122"]
[BlackElo "2087"]
[PlyCount "57"]
[EventDate "2016.01.25"]
[EventType "swiss"]
[EventRounds "5"]
[EventCountry "ENG"]
[Source "lmi"]
[SourceDate "2016.01.25"]

1. e4 e6 2. d4 d5 3. e5 c5 4. c3 Qb6 5. Nf3 Bd7 6. dxc5 Bxc5 7. Qc2 Bb5 8. b4
Be7 9. Be3 Qa6 10. Bxb5+ Qxb5 11. Nd4 Qd7 12. Nd2 Nc6 13. Nxc6 Qxc6 14. Rc1 a5
15. O-O axb4 16. cxb4 Qxc2 17. Rxc2 Kd7 18. Rfc1 Bd8 19. Nb3 b6 20. Rc6 Rb8 21.
Nd4 Rb7 22. Rd6+ Ke8 23. Rc8 Rd7 24. Nc6 Rxd6 25. exd6 Kd7 26. Rxd8+ Kxc6 27.
Bd4 f6 28. f4 h5 29. a4 1-0